000 00605nam a2200193Ia 4500
005 20250508155456.0
008 008 250505s9999 xx 000 0 eng d
037 _aTextual
040 _aFEDL
_beng
_cFEDL
041 _aeng
_2eng
084 _a370.7, IND
_qFEDL
245 0 _aReport of the workshop on improvement of teacher education in post-graduate basic training colleges"
245 0 _cIndia. Ministry of Education, National Institute of Basic Education
260 _c1961
300 _a101p.
650 _aEducation
942 _cTEXL
_h370.7, IND
999 _c1357162
_d1357162